000 00709nam a2200241Ia 4500
003 OSt
005 20220927104419.0
006 a|||||r|||| 00| 0
007 ta
008 220926b |||||||| |||| 00| 0 eng d
024 _a147820
037 _cReference Collections
040 _aRTL
_cRTL
_beng
041 _2eng
_aeng
082 _a"XM,9(J).465.N5, H8/GD"
110 _a"INDIA, AGRICULTURE (Deptt)"
_9365534
245 0 _aReport of the Indian delegation co-operative farmi
260 _c1948
300 _a104p
_ccm.
700 _a"INDIA, AGRICULTURE (Deptt)"
_9365535
942 _h"XM,9(J).465.N5, H8/GD"
_cCC
999 _c687189
_d687189